[Event "Heusenstamm Sparkassen op-B 6th"]
[Site "Heusenstamm"]
[Date "2019.11.22"]
[Round "2"]
[White "Alt, Johannes1111"]
[Black "Welther, Patrick"]
[Result "1/2-1/2"]
[WhiteElo "1200"]
[BlackElo "1586"]
[PlyCount "31"]
[EventDate "2019.11.21"]
[EventType "swiss"]
[EventRounds "7"]
[EventCountry "GER"]
[SourceTitle "CBM 194 Extra"]
[Source "ChessBase"]
[SourceDate "2020.03.31"]
[SourceVersion "1"]
[SourceVersionDate "2020.03.31"]
[SourceQuality "1"]

1. d4 Nf6 2. c4 e5 3. dxe5 Ng4 4. e4 Nxe5 5. Nf3 Bb4+ 6. Nbd2 Qf6 7. Be2 Nbc6 8. a3 Bxd2+ 9. Qxd2 d6 10. Qf4 Qxf4 11. Bxf4 Be6 12. Nxe5 Nxe5 13. b3 f6 14. Be3 a5 15. f4 Nc6 16. 0-0 1/2-1/2